Countries Hidden in a Letter #3 - Statistics

General Stats
  • This quiz has been taken 21,818 times
  • The average score is 14 of 21
Answer Stats
Country % Correct
Germany
87%
Samoa
86%
Albania
81%
Peru
78%
Iraq
71%
Senegal
70%
Namibia
69%
Niger
69%
Sierra Leone
69%
Finland
68%
Yemen
66%
Barbados
62%
Austria
61%
Comoros
60%
Qatar
60%
Dominica
58%
Fiji
57%
Malawi
56%
Norway
55%
Rwanda
51%
Oman
37%
No matching quizzes found
Score Distribution
Percent of People with Each Score
Percentile by Number Answered
Your Score History
You have not taken this quiz